| 000 | 01089nam a2200289 i 4500 | ||
|---|---|---|---|
| 001 | 11898 | ||
| 003 | KOSZ 005 | ||
| 005 | 20200810094142.0 | ||
| 008 | 070704s1969 pl a f 001 0 pol | ||
| 015 | _aPB 1970/1284 | ||
| 040 |
_aWA N _cKOSZ 005/RW _dKOSZ 005/RW |
||
| 080 | _a66 | ||
| 100 | 1 |
_aŻurakowski, Stanisław _eAutor |
|
| 245 | 1 | 0 |
_aPiece obrotowe : _bprojektowanie i konstrukcja / _cStanisław Żurakowski, Stefan Hojarczyk. |
| 260 |
_aWarszawa : _bWydawnictwa Naukowo-Techniczne, _c1969. |
||
| 300 |
_a498, [1] s., [1] k. tabl. : _bil., err. ; _c25 cm. |
||
| 380 | _aKsiążki. | ||
| 490 | 1 | _aInżynieria Chemiczna. | |
| 504 | _aBibliogr. przy rozdz. Indeks. | ||
| 650 | 4 |
_aPiec obrotowy _xbudowa i konstrukcje. |
|
| 650 | 4 |
_aPiec obrotowy _xprojekty. |
|
| 710 | 2 |
_aWydawnictwa Naukowo-Techniczne _4pbl. |
|
| 700 | 1 |
_aHojarczyk, Stefan _d(1900-1971) _eAutor |
|
| 856 |
_uhttp://koha.tu.koszalin.pl/cgi-bin/koha/opac-detail.pl?biblionumber=11898 _yKatalog online BPK |
||
| 830 | 0 | _aInżynieria Chemiczna | |
| 942 |
_2UKD _cKS |
||
| 999 |
_c11898 _d11898 |
||